000 00261nam a2200109 a 4500
008 110419s1979|||| d
245 1 0 _aSlovensko 4
_bKultúra - I. časť
260 _bObzor
_aBratislava
_c1979
020 _c120
041 _aslo
044 _axo
_cSK
999 _c19133
_d19133